[Event "Ibague Blitz op"]
[Site "Ibague"]
[Date "2022.10.08"]
[Round "9"]
[White "Garzon, Rosshillary"]
[Black "Gomez Viana, Duvan Leandro"]
[Result "0-1"]
[WhiteElo "1436"]
[BlackElo "1815"]
[PlyCount "86"]
[EventDate "2022.10.08"]
[EventType "swiss (blitz)"]
[EventRounds "9"]
[EventCountry "COL"]
[SourceTitle "CBM 210 Extra"]
[Source "ChessBase"]
[SourceDate "2022.11.30"]
[SourceVersion "1"]
[SourceVersionDate "2022.11.30"]
[SourceQuality "1"]

1. e4 c5 2. Nf3 e6 3. c3 Nc6 4. Bb5 d5 5. Bxc6+ bxc6 6. e5 d4 7. cxd4 cxd4 8. d3 Qa5+ 9. Bd2 Bb4 10. 0-0 Ne7 11. a3 Bxd2 12. Nbxd2 0-0 13. Nc4 Qd5 14. Re1 Ba6 15. b3 Ng6 16. Rc1 Rab8 17. Qe2 Rxb3 18. Qc2 Rfb8 19. Rb1 Rxb1 20. Rxb1 Rxb1+ 21. Qxb1 Bxc4 22. Qb8+ Nf8 23. dxc4 Qxc4 24. h3 Qc1+ 25. Kh2 Qxa3 26. Qd6 Qxd6 27. exd6 c5 28. Ne5 a5 29. Kg1 a4 30. Nc4 Nd7 31. Kf1 e5 32. Ke2 f5 33. f3 Kf7 34. Kd3 Ke6 35. g4 g6 36. gxf5+ gxf5 37. Kc2 Kd5 38. Nb2 a3 39. Nd3 e4 40. fxe4+ fxe4 41. Nf4+ Kxd6 42. Kb3 d3 43. Kxa3 d2 0-1

[Event "Mosquera op (Women)"]
[Site "Mosquera"]
[Date "2014.10.31"]
[Round "2"]
[White "Zapata, Olga Maria"]
[Black "Garzon, Rosshillary"]
[Result "1-0"]
[WhiteElo "1726"]
[BlackElo "1460"]
[PlyCount "29"]
[EventDate "2014.10.30"]
[EventType "swiss"]
[EventRounds "9"]
[EventCountry "COL"]
[SourceTitle "EXT 2015"]
[Source "ChessBase"]
[SourceDate "2014.11.20"]
[SourceVersion "1"]
[SourceVersionDate "2014.11.20"]
[SourceQuality "1"]

1. d4 d5 2. c4 e6 3. Nc3 Nf6 4. cxd5 Nxd5 5. e4 Nxc3 6. bxc3 Nc6 7. Nf3 Bd6 8. Bd3 e5 9. 0-0 Bg4 10. Be3 Qd7 11. Rb1 b6 12. Bb5 a6 13. Qa4 Rd8 14. Bxc6 0-0 15. Bxd7 1-0

[Event "Bogota Superate Intercol Adv-B (Women)"]
[Site "Bogota"]
[Date "2014.10.28"]
[Round "3.11"]
[White "De la Ossa, Valentina"]
[Black "Garzon, Rosshillary"]
[Result "0-1"]
[WhiteElo "1586"]
[BlackElo "1460"]
[PlyCount "36"]
[EventDate "2014.10.28"]
[EventType "swiss (blitz)"]
[EventRounds "8"]
[EventCountry "COL"]
[SourceTitle "EXT 2024"]
[Source "ChessBase"]
[SourceDate "2023.10.10"]
[SourceVersion "1"]
[SourceVersionDate "2023.10.10"]
[SourceQuality "1"]

1. e4 e5 2. Nf3 Nc6 3. Nc3 Bc5 4. Bb5 a6 5. Bxc6 dxc6 6. Nxe5 Qd4 7. Nf3 Qf6 8. a3 Ne7 9. b4 Bb6 10. h3 0-0 11. g4 Ng6 12. Bb2 Be6 13. e5 Nxe5 14. Ne4 Nxf3+ 15. Ke2 Nd4+ 16. Kf1 Qf3 17. Qxf3 Nxf3 18. Ke2 Nd4+ 0-1

[Event "Bogota Superate Intercol Adv (Women)"]
[Site "Bogota"]
[Date "2014.10.27"]
[Round "5.8"]
[White "Garzon, Rosshillary"]
[Black "De la Ossa, Valentina"]
[Result "1-0"]
[WhiteElo "1460"]
[BlackElo "1586"]
[PlyCount "49"]
[EventDate "2014.10.25"]
[EventType "swiss"]
[EventRounds "5"]
[EventCountry "COL"]
[SourceTitle "EXT 2024"]
[Source "ChessBase"]
[SourceDate "2023.10.10"]
[SourceVersion "1"]
[SourceVersionDate "2023.10.10"]
[SourceQuality "1"]

1. e4 e5 2. Nf3 Nc6 3. d4 d6 4. d5 Nb4 5. c3 Na6 6. Bb5+ Bd7 7. Qa4 Nc5 8. Bxd7+ Nxd7 9. Be3 b6 10. Nbd2 Ngf6 11. h3 h6 12. 0-0 Rg8 13. Nh2 g5 14. b4 a5 15. Qb5 h5 16. a3 g4 17. h4 g3 18. Nhf3 Ng4 19. Qe2 Be7 20. Ng5 Bxg5 21. Bxg5 f6 22. f4 fxg5 23. fxg5 Nf8 24. Qf3 Nh7 25. Qf7# 1-0

[Event "Bogota Superate Intercol Adv (Women)"]
[Site "Bogota"]
[Date "2014.10.25"]
[Round "2.8"]
[White "Rios Franco, Lina Paola"]
[Black "Garzon, Rosshillary"]
[Result "1-0"]
[WhiteElo "1321"]
[BlackElo "1460"]
[PlyCount "51"]
[EventDate "2014.10.25"]
[EventType "swiss"]
[EventRounds "5"]
[EventCountry "COL"]
[SourceTitle "EXT 2024"]
[Source "ChessBase"]
[SourceDate "2023.10.10"]
[SourceVersion "1"]
[SourceVersionDate "2023.10.10"]
[SourceQuality "1"]

1. e4 e5 2. Nf3 Nc6 3. Bc4 Bc5 4. 0-0 d6 5. h3 Nf6 6. d3 Be6 7. Bb3 Qd7 8. Nc3 Na5 9. Be3 Nxb3 10. cxb3 0-0-0 11. Ng5 h6 12. Nxe6 fxe6 13. Rc1 g5 14. d4 exd4 15. Bxd4 Rhf8 16. Bxc5 dxc5 17. e5 Nd5 18. Ne4 Qg7 19. Nxc5 Qxe5 20. Qe1 Qxe1 21. Rfxe1 Nf4 22. Nxe6 Nd3 23. Rxc7+ Kb8 24. Re2 Rc8 25. Rd7 Rfe8 26. Rxd3 1-0

[Event "COL-ch U18"]
[Site "Cali"]
[Date "2014.04.05"]
[Round "6"]
[White "Norena, Derly Jiseth"]
[Black "Garzon, Rosshillary"]
[Result "1-0"]
[WhiteElo "1389"]
[BlackElo "1484"]
[PlyCount "59"]
[EventDate "2014.04.03"]
[EventType "swiss"]
[EventRounds "7"]
[EventCountry "COL"]
[SourceTitle "CBM 159 Extra"]
[Source "ChessBase"]
[SourceDate "2014.04.24"]
[SourceVersion "1"]
[SourceVersionDate "2014.04.24"]
[SourceQuality "1"]

1. e4 e5 2. Nf3 Nc6 3. Bc4 Nf6 4. d3 h6 5. Nc3 Bc5 6. Be3 Bb6 7. d4 0-0 8. 0-0 d6 9. dxe5 dxe5 10. Nd5 Nxe4 11. h3 Nd6 12. Bb3 Be6 13. Qd2 Nf5 14. Rad1 Bxe3 15. fxe3 Ng3 16. Qf2 Ne4 17. Qe2 Rb8 18. g4 h5 19. gxh5 Bxh3 20. Rfe1 Qd7 21. Nf6+ Nxf6 22. Rxd7 Bxd7 23. Qh2 Ng4 24. Qg3 Rbe8 25. Nh2 Nh6 26. Kh1 Nb4 27. Rg1 Nf5 28. Qg4 Bc6+ 29. e4 Nd3 30. cxd3 1-0